000 00445nam a2200181Ia 4500
003 0100
008 130303s9999 xx 000 0 und d
040 _cARRUPELIB
050 _aDT856.A47 1960
245 _aHandbook to the Federation of Rhodesia and Nyasaland
260 _aLondon
260 _bCassell and Company
260 _C1960
300 _a803p.
300 _b 25cm
700 _aBrelsford, William Vernon (ed.)
942 0 0 _05
999 _c46601
_d46601